|
|
|
|
| LEADER |
01391nam a2200361Ia 4500 |
| 001 |
EBC981879 |
| 003 |
MiAaPQ |
| 005 |
20200520144314.0 |
| 006 |
m o d | |
| 007 |
cr cn||||||||| |
| 008 |
111128s2012 nyu sb 001 0 eng d |
| 010 |
|
|
|z 2011049160
|
| 020 |
|
|
|z 9780203115497
|
| 020 |
|
|
|z 9780415521352
|
| 035 |
|
|
|a (MiAaPQ)EBC981879
|
| 035 |
|
|
|a (Au-PeEL)EBL981879
|
| 035 |
|
|
|a (CaPaEBR)ebr10572180
|
| 035 |
|
|
|a (CaONFJC)MIL368725
|
| 035 |
|
|
|a (OCoLC)804662408
|
| 040 |
|
|
|a MiAaPQ
|c MiAaPQ
|d MiAaPQ
|
| 050 |
|
4 |
|a K1115.I57
|b B49 2012
|
| 082 |
0 |
4 |
|a 345/.0268
|2 23
|
| 100 |
1 |
|
|a Bewaji, Wunmi.
|
| 245 |
1 |
0 |
|a Insider trading in developing jurisdictions
|h [electronic resource] :
|b achieving an effective regulatory regime /
|c Wunmi Bewaji.
|
| 260 |
|
|
|a New York, NY :
|b Routledge,
|c 2012.
|
| 300 |
|
|
|a xxiii, 307 p.
|
| 504 |
|
|
|a Includes bibliographical references and index.
|
| 533 |
|
|
|a Electronic reproduction. Ann Arbor, MI : ProQuest, 2015. Available via World Wide Web. Access may be limited to ProQuest affiliated libraries.
|
| 650 |
|
0 |
|a Insider trading in securities
|x Law and legislation
|z Developing countries.
|
| 650 |
|
0 |
|a Insider trading in securities
|x Law and legislation
|z Nigeria.
|
| 655 |
|
4 |
|a Electronic books.
|
| 710 |
2 |
|
|a ProQuest (Firm)
|
| 856 |
4 |
0 |
|u https://ebookcentral.proquest.com/lib/matrademy/detail.action?docID=981879
|z Click to View
|